|
|
|
|
| LEADER |
00000nam0a2200000 4500 |
| 001 |
100183 |
| 005 |
20231031112041.0 |
| 035 |
|
|
|a (RuTPU)RU\TPU\book\107763
|
| 090 |
|
|
|a 100183
|
| 100 |
|
|
|a 20060816d1974 km y0rusy50 ca
|
| 101 |
0 |
|
|a rus
|
| 102 |
|
|
|a RU
|
| 105 |
|
|
|a a z 001zy
|
| 200 |
1 |
|
|a Компенсация емкостных токов в сетях с незаземленной нейтралью
|f А. А. Черников
|
| 210 |
|
|
|a Москва
|c Энергия
|d 1974
|
| 215 |
|
|
|a 96 с.
|c ил.
|
| 225 |
1 |
|
|a Библиотека электромонтера
|v Вып. 397
|
| 320 |
|
|
|a Список литературы: с. 96.
|
| 610 |
1 |
|
|a электрические сети
|
| 610 |
1 |
|
|a заземление
|
| 610 |
1 |
|
|a электрические сети
|
| 610 |
1 |
|
|a компенсация
|
| 610 |
1 |
|
|a емкостные токи
|
| 610 |
1 |
|
|a кабельные сети
|
| 610 |
1 |
|
|a воздушные сети
|
| 675 |
|
|
|a 621.316.99
|v 3
|
| 700 |
|
1 |
|a Черников
|b А. А.
|g Алексей Алексеевич
|
| 801 |
|
1 |
|a RU
|b 63413507
|c 20060816
|g PSBO
|
| 801 |
|
2 |
|a RU
|b 63413507
|c 20210124
|g PSBO
|
| 942 |
|
|
|c BK
|